| 000 | 00000nam 2200000zi 4500 |
| 001 | 9.940437 |
| 003 | CaOODSP |
| 005 | 20240723134622 |
| 006 | m o d f |
| 007 | cr cn||||||||| |
| 008 | 240711e201902##onc o f000 0 eng d |
| 040 | |aCaOODSP|beng|erda|cCaOODSP |
| 043 | |an-cn--- |
| 086 | 1 |aIN4-40/2019E-PDF |
| 245 | 00|aBusiness continuity planning : |binternal audit report. |
| 246 | 37|a2018-19 business continuity planning final report, Feb 2019 |
| 264 | 1|a[Ottawa] : |bOffice of the Superintendent of Financial Institutions Canada = Bureau du surintendant des institutions financières Canada, |cFebruary 2019. |
| 300 | |a1 online resource (10 pages) |
| 336 | |atext|btxt|2rdacontent |
| 337 | |acomputer|bc|2rdamedia |
| 338 | |aonline resource|bcr|2rdacarrier |
| 500 | |aIssued also in French under title: Planification de la continuité des activités : rapport d’audit interne. |
| 610 | 20|aOffice of the Superintendent of Financial Institutions Canada|xAuditing. |
| 650 | 0|aBusiness planning|zCanada|xAuditing. |
| 650 | 0|aEmergency management|zCanada|xAuditing. |
| 710 | 2 |aOffice of the Superintendent of Financial Institutions Canada, |eissuing body. |
| 775 | 08|tPlanification de la continuité des activités : |w(CaOODSP)9.940891 |
| 856 | 40|qPDF|s580 KB|uhttps://publications.gc.ca/collections/collection_2024/bsif-osfi/IN4-40-2019-eng.pdf |